[Event "KEN-chT"]
[Site "Nairobi"]
[Date "2019.02.10"]
[Round "3.2"]
[White "Akhanyinya, Bryan Toboso"]
[Black "Bolo, Ronald"]
[Result "1/2-1/2"]
[WhiteElo "1778"]
[BlackElo "1652"]
[PlyCount "146"]
[EventDate "2019.02.09"]
[EventType "team-tourn"]
[EventRounds "27"]
[EventCountry "KEN"]
[SourceTitle "CBM 192 Extra"]
[Source "Chessbase"]
[SourceDate "2019.11.06"]
[SourceVersion "1"]
[SourceVersionDate "2019.11.06"]
[SourceQuality "1"]
[WhiteTeam "Nairobi CA"]
[BlackTeam "Strathmore University"]
[WhiteTeamCountry "KEN"]
[BlackTeamCountry "KEN"]

1. e4 e6 2. d4 d5 3. Nd2 dxe4 4. Nxe4 Nd7 5. Nf3 Be7 6. Bd3 Ngf6 7. Ng3 b6 8. 0-0 Bb7 9. c3 0-0 10. b4 a5 11. Qb3 axb4 12. cxb4 Nd5 13. a4 N7f6 14. Bd2 c6 15. Rfc1 Qd6 16. a5 Ba6 17. Ne5 Nxb4 18. Bxb4 Qxb4 19. Qxb4 Bxb4 20. axb6 Bxd3 21. Nxd3 Bd6 22. Rxa8 Rxa8 23. Rxc6 Ra1+ 24. Nf1 Ne8 25. Nc5 Kf8 26. b7 Rb1 27. Rxd6 Nxd6 28. b8Q+ Rxb8 29. Nd7+ Ke8 30. Nxb8 Nb5 31. Nc6 f6 32. Ne3 Kd7 33. d5 exd5 34. Nb4 d4 35. Nec2 Kd6 36. Kf1 Kc5 37. Ke2 Kc4 38. f3 Kc3 39. Kd1 d3 40. Nd5+ Kc4 41. Nce3+ Kd4 42. Kd2 f5 43. Nf4 Nd6 44. Nxd3 g6 45. Nc2+ Kc4 46. Ke3 g5 47. g3 Kc3 48. Nce1 Nc4+ 49. Ke2 h6 50. Ng2 Kd4 51. h4 Nd6 52. hxg5 hxg5 53. Ne3 g4 54. f4 Ke4 55. Nc5+ Kd4 56. Ne6+ Ke4 57. Ng7 Nb5 58. Ngxf5 Nc3+ 59. Kf2 Na4 60. Nh6 Nc5 61. Nhxg4 Nd3+ 62. Kg2 Nxf4+ 63. Kh2 Nh5 64. Nf2+ Kxe3 65. g4 Ng7 66. Kg3 Kd4 67. Kf4 Kd5 68. Kg5 Ne6+ 69. Kf6 Nf4 70. Kf5 Ne6 71. Nh3 Nd4+ 72. Kf6 Nf3 73. Ng5 Ne5 1/2-1/2